000
00307nam a22001337a 4500
008
171215b xxu||||| |||| 00| 0 eng d
020
_a
9780393971798
041
_a
eng
080
_a
37
100
_a
47
101
_a
EDU
245
_a
PROGRESSIONS READINGS FOR WRITERS
_c
HILBERT.B.S
942
_2
udc
_c
BK
999
_c
39017
_d
39017